[Event "Sant Andreu Tram-A"]
[Site "Barcelona"]
[Date "2019.10.19"]
[Round "5"]
[White "Brunet Gil, Pol"]
[Black "Bes Alvarez, Alex"]
[Result "0-1"]
[WhiteElo "1884"]
[BlackElo "1842"]
[PlyCount "122"]
[EventDate "2019.09.14"]
[EventType "tourn"]
[EventRounds "9"]
[EventCountry "ESP"]
[SourceTitle "CBM 195 Extra"]
[Source "ChessBase"]
[SourceDate "2020.05.31"]
[SourceVersion "1"]
[SourceVersionDate "2020.05.31"]
[SourceQuality "1"]

1. e4 d5 2. exd5 Qxd5 3. Nc3 Qa5 4. d4 Nf6 5. Nf3 Nc6 6. Be2 Bg4 7. h3 Bxf3 8. Bxf3 0-0-0 9. Bxc6 bxc6 10. Qf3 Qa6 11. Be3 e6 12. Ne4 Be7 13. c3 Qc4 14. Nxf6 Bxf6 15. Qe2 Qb5 16. a4 Qxe2+ 17. Kxe2 a5 18. f4 Kb7 19. g4 Ka6 20. Rab1 Rb8 21. b4 Rb7 22. Rb3 Rhb8 23. Rhb1 Be7 24. Bd2 c5 25. b5+ Kb6 26. Kd3 Rd8 27. Kc4 Rbb8 28. Be3 Rd5 29. Rd1 Rbd8 30. Rb2 g6 31. Rbd2 cxd4 32. Rxd4 Bc5 33. Rxd5 exd5+ 34. Kd3 Bxe3 35. Kxe3 Kc5 36. Rd4 Re8+ 37. Kf3 f5 38. gxf5 gxf5 39. Rd1 Re7 40. Rg1 Kc4 41. Rd1 Re4 42. Rb1 Kc5 43. Ra1 Rc4 44. Ra3 Kd6 45. Kg3 Re4 46. Kf3 Re1 47. Kf2 Rc1 48. Kg3 Kc5 49. Kh4 Rg1 50. Kh5 Kc4 51. Kh6 Rh1 52. Kg5 Rxh3 53. Kxf5 d4 54. Ra1 dxc3 55. Rc1 Kb3 56. Rb1+ Ka2 57. b6 cxb6 58. Rxb6 c2 59. Rc6 Kb2 60. Kg4 Rc3 61. Rb6+ Rb3 0-1

[Event "Sant Andreu Tram-A"]
[Site "Barcelona"]
[Date "2019.10.05"]
[Round "3"]
[White "Brunet Gil, Pol"]
[Black "Romero Moreno, Felix"]
[Result "1-0"]
[WhiteElo "1884"]
[BlackElo "1914"]
[PlyCount "67"]
[EventDate "2019.09.14"]
[EventType "tourn"]
[EventRounds "9"]
[EventCountry "ESP"]
[SourceTitle "CBM 195 Extra"]
[Source "ChessBase"]
[SourceDate "2020.05.31"]
[SourceVersion "1"]
[SourceVersionDate "2020.05.31"]
[SourceQuality "1"]

1. e4 c6 2. d4 d5 3. Nc3 dxe4 4. Nxe4 Nd7 5. Nf3 Ngf6 6. Nxf6+ Nxf6 7. Bd3 Bg4 8. c3 e6 9. h3 Bh5 10. 0-0 Bd6 11. Bg5 Qa5 12. Bd2 Qc7 13. c4 0-0 14. Bc3 Be7 15. Be2 Ne4 16. Qc2 Nxc3 17. Qxc3 Bf6 18. Qe3 Rad8 19. g4 Bg6 20. Rad1 Rfe8 21. b3 Be7 22. c5 b5 23. Ne5 Bf6 24. Bf3 Bxe5 25. dxe5 Rc8 26. Rd6 Qb7 27. Rfd1 Qa6 28. Qd2 f6 29. exf6 gxf6 30. Rd7 Rf8 31. Qh6 Bf7 32. Be4 f5 33. gxf5 Qxa2 34. f6 1-0

[Event "Sant Andreu Tram-A"]
[Site "Barcelona"]
[Date "2019.09.21"]
[Round "2"]
[White "Gonzalez Alonso, Marti"]
[Black "Brunet Gil, Pol"]
[Result "0-1"]
[WhiteElo "1911"]
[BlackElo "1884"]
[PlyCount "44"]
[EventDate "2019.09.14"]
[EventType "tourn"]
[EventRounds "9"]
[EventCountry "ESP"]
[SourceTitle "CBM 195 Extra"]
[Source "ChessBase"]
[SourceDate "2020.05.31"]
[SourceVersion "1"]
[SourceVersionDate "2020.05.31"]
[SourceQuality "1"]

1. c4 c6 2. Nf3 d5 3. b3 Nf6 4. Bb2 Bf5 5. Nh4 Bxb1 6. Rxb1 Nbd7 7. g3 e5 8. Bg2 Bb4 9. 0-0 0-0 10. d3 Re8 11. Qc2 Rc8 12. a3 Bd6 13. e4 Bb8 14. Kh1 Nc5 15. Rbd1 a5 16. Bc3 b5 17. b4 axb4 18. axb4 Na4 19. exd5 cxd5 20. Rfe1 Nxc3 21. Qxc3 bxc4 22. dxc4 Rxc4 0-1

[Event "ESP-ch U18"]
[Site "Salobrena"]
[Date "2019.07.27"]
[Round "9"]
[White "Brunet Gil, Pol"]
[Black "Martin Ibisate, Xabier"]
[Result "1/2-1/2"]
[WhiteElo "2035"]
[BlackElo "1797"]
[PlyCount "80"]
[EventDate "2019.07.22"]
[EventType "swiss"]
[EventRounds "9"]
[EventCountry "ESP"]
[SourceTitle "CBM 191 Extra"]
[Source "ChessBase"]
[SourceDate "2019.09.30"]
[SourceVersion "1"]
[SourceVersionDate "2019.09.30"]
[SourceQuality "1"]

1. e4 c5 2. Nf3 e6 3. d3 d5 4. Qe2 dxe4 5. dxe4 Nc6 6. c3 Nf6 7. g3 b6 8. Bg2 Bb7 9. Bf4 Be7 10. Nbd2 Nh5 11. Be3 Qc7 12. 0-0 Nf6 13. Rad1 Rd8 14. Bg5 0-0 15. e5 Nd5 16. Bxe7 Ndxe7 17. Nc4 Ba6 18. Qe4 Ng6 19. Rxd8 Rxd8 20. Re1 Bxc4 21. Qxc4 Ncxe5 22. Nxe5 Nxe5 23. Qe4 Ng6 24. h4 h6 25. h5 Ne7 26. Bf3 Nd5 27. Kg2 Nf6 28. Qe3 Kf8 29. Rc1 Rd7 30. b4 Nd5 31. Bxd5 Rxd5 32. Qe4 Qc6 33. Rd1 cxb4 34. cxb4 Ke7 35. f3 Rd6 36. Qe2 Rxd1 37. Qxd1 Qc4 38. Qd2 b5 39. Qf2 Qc7 40. a3 a6 1/2-1/2

[Event "ESP-ch U18"]
[Site "Salobrena"]
[Date "2019.07.22"]
[Round "2"]
[White "Wang Qiu, Laura"]
[Black "Brunet Gil, Pol"]
[Result "0-1"]
[WhiteElo "1647"]
[BlackElo "2035"]
[PlyCount "70"]
[EventDate "2019.07.22"]
[EventType "swiss"]
[EventRounds "9"]
[EventCountry "ESP"]
[SourceTitle "CBM 191 Extra"]
[Source "ChessBase"]
[SourceDate "2019.09.30"]
[SourceVersion "1"]
[SourceVersionDate "2019.09.30"]
[SourceQuality "1"]

1. e4 d6 2. d4 Nf6 3. Nc3 e5 4. Nf3 Nbd7 5. Bc4 Be7 6. 0-0 0-0 7. Re1 c6 8. a4 h6 9. h3 Re8 10. b4 exd4 11. Nxd4 d5 12. exd5 Bxb4 13. Rxe8+ Qxe8 14. Nde2 Nb6 15. Ba2 cxd5 16. Rb1 Bxc3 17. Nxc3 Nxa4 18. Nb5 Qd8 19. c4 Nb6 20. c5 Bf5 21. Rb4 Nbd7 22. Nd6 Be6 23. Nxb7 Qc7 24. Bf4 Qc8 25. Qc1 Qc6 26. Bb3 Qc8 27. c6 Nb8 28. c7 Na6 29. Rb5 Bd7 30. Bxd5 Bxb5 31. Bxf7+ Kh8 32. Nd6 Qxc7 33. Qb1 Qd7 34. Ba2 Rf8 35. Qg6 Nb4 0-1

[Event "Barcelona Sant Marti op 21st"]
[Site "Barcelona"]
[Date "2019.07.17"]
[Round "5"]
[White "Brunet Gil, Pol"]
[Black "Shevtsova, Stefania"]
[Result "1-0"]
[WhiteElo "2035"]
[BlackElo "1506"]
[PlyCount "76"]
[EventDate "2019.07.13"]
[EventType "swiss"]
[EventRounds "9"]
[EventCountry "ESP"]
[SourceTitle "EXT 2020"]
[Source "ChessBase"]
[SourceDate "2019.10.17"]
[SourceVersion "1"]
[SourceVersionDate "2019.10.17"]
[SourceQuality "1"]

1. e4 c6 2. d4 d5 3. Nc3 dxe4 4. Nxe4 Nf6 5. Nxf6+ exf6 6. Nf3 Bd6 7. Bd3 Be6 8. 0-0 0-0 9. c4 Nd7 10. b3 Re8 11. Bb2 Nf8 12. Bc2 Qc7 13. h3 Rad8 14. Nd2 Be7 15. Qf3 Qc8 16. Ne4 f5 17. Ng3 g6 18. Rfd1 Bf6 19. Bc3 Bg7 20. Rac1 Qc7 21. Bb1 Qb6 22. Ne2 Bc8 23. Kf1 Ne6 24. d5 Ng5 25. Qf4 Ne4 26. Bxg7 Kxg7 27. c5 Qa6 28. Bd3 Qxa2 29. Bc4 g5 30. Qe3 f6 31. d6 Be6 32. Bxe6 Rxe6 33. Nd4 Re5 34. Rc2 Qa6+ 35. Kg1 Nxc5 36. Nxf5+ Kh8 37. Qf3 Qb5 38. Nd4 g4 1-0

[Event "Barcelona CC-ch MC"]
[Site "Barcelona"]
[Date "2019.06.17"]
[Round "5"]
[White "Cano Sevilla, Ivan"]
[Black "Brunet Gil, Pol"]
[Result "0-1"]
[WhiteElo "1971"]
[BlackElo "2054"]
[PlyCount "38"]
[EventDate "2019.06.11"]
[EventType "tourn"]
[EventRounds "9"]
[EventCountry "ESP"]
[SourceTitle "EXT 2020"]
[Source "ChessBase"]
[SourceDate "2019.10.17"]
[SourceVersion "1"]
[SourceVersionDate "2019.10.17"]
[SourceQuality "1"]

1. Nf3 d5 2. b3 Nf6 3. Bb2 Bf5 4. g3 e6 5. Bg2 h6 6. 0-0 Be7 7. d3 0-0 8. Nbd2 c5 9. Ne5 Nbd7 10. e4 Bh7 11. Re1 Rc8 12. exd5 exd5 13. Bh3 Rc7 14. Qe2 Nxe5 15. Bxe5 Bd6 16. Qf3 Bxe5 17. Rxe5 Re8 18. Rae1 Rce7 19. R1e3 Rxe5 0-1

[Event "Foment Martinenc op-A 21st"]
[Site "Barcelona"]
[Date "2019.06.15"]
[Round "8"]
[White "Brunet Gil, Pol"]
[Black "Moya Nunez, Pau Salvador"]
[Result "0-1"]
[WhiteElo "2017"]
[BlackElo "1893"]
[PlyCount "56"]
[EventDate "2019.04.27"]
[EventType "swiss"]
[EventRounds "9"]
[EventCountry "ESP"]
[SourceTitle "EXT 2020"]
[Source "ChessBase"]
[SourceDate "2019.10.17"]
[SourceVersion "1"]
[SourceVersionDate "2019.10.17"]
[SourceQuality "1"]

1. e4 Nc6 2. d4 d5 3. e5 Bf5 4. g4 Be4 5. f3 Bg6 6. c3 e6 7. Be3 Be7 8. Qd2 f6 9. exf6 gxf6 10. h4 e5 11. h5 Bxb1 12. Rxb1 exd4 13. Bxd4 Nxd4 14. Qxd4 Qd6 15. f4 Nh6 16. g5 Nf5 17. Qa4+ c6 18. gxf6 Bxf6 19. Ne2 0-0 20. Kd2 d4 21. cxd4 Nxd4 22. Nxd4 Bxd4 23. Kc2 Rxf4 24. Be2 Re8 25. Rbe1 Kh8 26. Qb3 Qc5+ 27. Qc4 Rxe2+ 28. Kd3 Rd2+ 0-1

[Event "Barcelona CC-ch MC"]
[Site "Barcelona"]
[Date "2019.06.14"]
[Round "4"]
[White "Brunet Gil, Pol"]
[Black "Molano Lafuente, Ismael"]
[Result "0-1"]
[WhiteElo "2054"]
[BlackElo "1982"]
[PlyCount "48"]
[EventDate "2019.06.11"]
[EventType "tourn"]
[EventRounds "9"]
[EventCountry "ESP"]
[SourceTitle "EXT 2020"]
[Source "ChessBase"]
[SourceDate "2019.10.17"]
[SourceVersion "1"]
[SourceVersionDate "2019.10.17"]
[SourceQuality "1"]

1. e4 c5 2. Nf3 Nc6 3. d4 cxd4 4. Nxd4 Nf6 5. Nc3 e5 6. Ndb5 h6 7. Nd6+ Bxd6 8. Qxd6 Qe7 9. Qxe7+ Kxe7 10. Be3 d6 11. 0-0-0 Be6 12. f3 a6 13. Nd5+ Bxd5 14. exd5 Nb4 15. Bc4 Rhc8 16. Bb3 a5 17. a3 a4 18. axb4 axb3 19. c3 Nxd5 20. Kd2 Ra2 21. Rb1 Rxc3 22. Rhe1 Rc2+ 23. Kd1 Nxb4 24. f4 Nd3 0-1

[Event "Barcelona Sant Marti op-A 20th"]
[Site "Barcelona"]
[Date "2018.07.15"]
[Round "3"]
[White "Brunet Gil, Pol"]
[Black "Montell Zabay, Albert"]
[Result "1-0"]
[WhiteElo "2052"]
[BlackElo "1928"]
[PlyCount "40"]
[EventDate "2018.07.13"]
[EventType "swiss"]
[EventRounds "9"]
[EventCountry "ESP"]
[SourceTitle "CBM 185 Extra"]
[Source "ChessBase"]
[SourceDate "2018.07.29"]
[SourceVersion "1"]
[SourceVersionDate "2018.07.29"]
[SourceQuality "1"]

1. e4 d5 2. exd5 Nf6 3. Nf3 Nxd5 4. d4 g6 5. c4 Nb6 6. Be2 Bg7 7. h3 0-0 8. 0-0 Nc6 9. Be3 e5 10. dxe5 Nxe5 11. Qb3 Be6 12. Nbd2 Qe7 13. Nd4 Bd7 14. Nb5 Bc6 15. Rac1 Rad8 16. Rfe1 Kh8 17. f4 Ned7 18. Bf3 Nc5 19. Qb4 Qxe3+ 20. Rxe3 Bd4 1-0

[Event "Sabadell op-A 10th"]
[Site "Sabadell"]
[Date "2017.09.07"]
[Round "7"]
[White "Brunet Gil, Pol"]
[Black "Martinez Perez, Sergio"]
[Result "0-1"]
[WhiteElo "1939"]
[BlackElo "1919"]
[PlyCount "94"]
[EventDate "2017.09.01"]
[EventType "swiss"]
[EventRounds "9"]
[EventCountry "ESP"]
[SourceTitle "CBM 180 Extra"]
[Source "ChessBase"]
[SourceDate "2017.10.06"]
[SourceVersion "1"]
[SourceVersionDate "2017.10.06"]
[SourceQuality "1"]

1. e4 c5 2. Nf3 g6 3. d4 cxd4 4. Nxd4 Bg7 5. c4 Nc6 6. Be3 Nf6 7. Nc3 d6 8. Be2 0-0 9. 0-0 Bd7 10. Qd2 Nxd4 11. Bxd4 Bc6 12. f3 a5 13. b3 Nd7 14. Be3 Nc5 15. Rab1 Be5 16. Rfc1 e6 17. Bd4 Qb6 18. Kh1 Bxd4 19. Qxd4 Rfd8 20. Rd1 e5 21. Qe3 Qb4 22. h4 Ne6 23. Bf1 Qa3 24. Re1 Kg7 25. Qc1 Qc5 26. Qe3 Nd4 27. Bd3 Qb4 28. Ne2 Ne6 29. Bc2 a4 30. Ra1 Qa3 31. Qc1 Qc5 32. Rf1 b5 33. cxb5 Bxb5 34. Bd1 Nd4 35. Qxc5 dxc5 36. Rf2 Bxe2 37. Bxe2 Nxe2 38. Rxe2 axb3 39. Rb2 c4 40. Kg1 c3 41. Rxb3 c2 42. Re3 Rxa2 43. Rc1 Rd1+ 44. Re1 Rxe1+ 45. Rxe1 Rb2 46. Rc1 Rb1 47. Kf2 Rxc1 0-1

[Event "Barcelona Sant Marti op-A 19th"]
[Site "Barcelona"]
[Date "2017.07.20"]
[Round "8"]
[White "Brunet Gil, Pol"]
[Black "Alcaraz Lopez, Francesco"]
[Result "1/2-1/2"]
[WhiteElo "1906"]
[BlackElo "1811"]
[PlyCount "213"]
[EventDate "2017.07.13"]
[EventType "swiss"]
[EventRounds "9"]
[EventCountry "ESP"]
[SourceTitle "EXT 2018"]
[Source "ChessBase"]
[SourceDate "2017.10.13"]
[SourceVersion "1"]
[SourceVersionDate "2017.10.13"]
[SourceQuality "1"]

1. e4 c5 2. Nf3 Nc6 3. d4 cxd4 4. Nxd4 g6 5. c4 Bg7 6. Be3 Nf6 7. Nc3 0-0 8. Be2 e6 9. Ndb5 a6 10. Nd6 Ne8 11. Rc1 Nxd6 12. Qxd6 Qe7 13. Bc5 Qxd6 14. Bxd6 Re8 15. 0-0 Bf8 16. Rfd1 Bxd6 17. Rxd6 Rb8 18. Na4 b6 19. b3 Kf8 20. Rcd1 Ke7 21. g4 e5 22. g5 Nd4 23. R1xd4 exd4 24. e5 b5 25. Nc5 bxc4 26. Bxc4 a5 27. Rf6 Rf8 28. Ne4 a4 29. Nd6 axb3 30. Bxb3 d3 31. Kf1 Ba6 32. Ke1 Rb4 33. f4 Bb5 34. Nxb5 Rxb5 35. Kd2 Rc5 36. Kxd3 Rc6 37. Rxc6 dxc6 38. Kc4 Ke6 39. Bc2 Rd8 40. Kc3 Rd7 41. a4 Kd5 42. Bd3 Ra7 43. Bc2 c5 44. Kd3 c4+ 45. Kc3 Kc5 46. h4 Rd7 47. h5 Rd4 48. hxg6 hxg6 49. f5 Rg4 50. fxg6 fxg6 51. Bxg6 Rxg5 52. Bf7 Rg3+ 53. Kc2 Kb4 54. e6 Re3 55. a5 Kxa5 56. e7 Rxe7 57. Bxc4 Kb4 58. Bd3 Ka3 59. Kc3 Rc7+ 60. Bc4 Rc8 61. Kd4 Kb4 62. Be6 Rc7 63. Ke5 Kc5 64. Kf6 Rh7 65. Kg6 Rh2 66. Kg7 Kd6 67. Bg8 Ke7 68. Bh7 Rh4 69. Kh8 Kf6 70. Kg8 Rd4 71. Kh8 Kf7 72. Bg8+ Kf8 73. Bh7 Rg4 74. Bf5 Rg8+ 75. Kh7 Rg5 76. Bd3 Rh5+ 77. Kg6 Rh3 78. Bf5 Rh2 79. Kf6 Rf2 80. Ke5 Ke7 81. Be4 Rd2 82. Kf4 Kf6 83. Ke3 Rd8 84. Bd3 Ke5 85. Kd2 Rc8 86. Bc2 Kd4 87. Bf5 Rc7 88. Bg6 Rg7 89. Bh5 Rg2+ 90. Kc1 Kc3 91. Kb1 Rf2 92. Bg6 Rf6 93. Be4 Rf1+ 94. Ka2 Rf2+ 95. Ka1 Rb2 96. Bf5 Rb8 97. Bb1 Kb3 98. Ba2+ Ka3 99. Bb1 Rd8 100. Bc2 Rd2 101. Bb1 Rf2 102. Bd3 Ra2+ 103. Kb1 Rd2 104. Bc2 Kb4 105. Bf5 Rd1+ 106. Kc2 Rf1 107. Be6 1/2-1/2

[Event "Barcelona Sant Marti op-A 19th"]
[Site "Barcelona"]
[Date "2017.07.17"]
[Round "5"]
[White "Frih, Ameur"]
[Black "Brunet Gil, Pol"]
[Result "1-0"]
[WhiteElo "2233"]
[BlackElo "1906"]
[PlyCount "77"]
[EventDate "2017.07.13"]
[EventType "swiss"]
[EventRounds "9"]
[EventCountry "ESP"]
[SourceTitle "EXT 2018"]
[Source "ChessBase"]
[SourceDate "2017.10.13"]
[SourceVersion "1"]
[SourceVersionDate "2017.10.13"]
[SourceQuality "1"]

1. e4 c5 2. Nf3 Nc6 3. Bb5 g6 4. 0-0 Bg7 5. c3 e5 6. Re1 Nge7 7. d3 0-0 8. Be3 b6 9. d4 exd4 10. cxd4 d6 11. h3 Bb7 12. Nc3 f5 13. dxc5 dxc5 14. Qb3+ Kh8 15. Rad1 Qc8 16. Ng5 Nd8 17. Bf4 Bc6 18. Bxc6 Nexc6 19. Bd6 Rg8 20. Nb5 h6 21. Nf3 Qb7 22. exf5 gxf5 23. Nc7 Rb8 24. Re8 Rxe8 25. Nxe8 Qf7 26. Qxf7 Nxf7 27. Nxg7 Kxg7 28. Bf4 Rd8 29. Bd2 Nd6 30. Bc3+ Kf7 31. Nh4 Ne7 32. Rd3 c4 33. Rd4 b5 34. Nf3 Nb7 35. Rh4 Kg6 36. Ne5+ Kg5 37. f4+ Kxh4 38. Be1+ Kh5 39. g4+ 1-0

[Event "Barcelona Sant Marti op-A 19th"]
[Site "Barcelona"]
[Date "2017.07.14"]
[Round "2"]
[White "Lacasta Palacio, Joaquim"]
[Black "Brunet Gil, Pol"]
[Result "1-0"]
[WhiteElo "2092"]
[BlackElo "1906"]
[PlyCount "69"]
[EventDate "2017.07.13"]
[EventType "swiss"]
[EventRounds "9"]
[EventCountry "ESP"]
[SourceTitle "EXT 2018"]
[Source "ChessBase"]
[SourceDate "2017.10.13"]
[SourceVersion "1"]
[SourceVersionDate "2017.10.13"]
[SourceQuality "1"]

1. g3 d5 2. Nf3 Nf6 3. Bg2 Bf5 4. 0-0 e6 5. c4 c6 6. b3 Be7 7. Bb2 h6 8. d3 0-0 9. Nbd2 Nbd7 10. Qc2 Rc8 11. h3 Qc7 12. a3 Rfd8 13. Rac1 Bh7 14. cxd5 exd5 15. b4 Bd6 16. Nb3 Ne5 17. Nxe5 Bxe5 18. Nd4 Nd7 19. f4 Bf6 20. Kh2 Qb6 21. Nf3 Bxb2 22. Qxb2 Re8 23. Rc2 Re7 24. Nd4 Rce8 25. Bf3 Nf8 26. Rfc1 Ne6 27. Nxe6 Rxe6 28. Rc5 Re3 29. Kg2 R8e6 30. R1c2 Rd6 31. a4 Bf5 32. Qd4 Re7 33. e4 Be6 34. f5 Bd7 35. e5 1-0

[Event "Montcada op-B 25th"]
[Site "Montcada"]
[Date "2017.06.26"]
[Round "1"]
[White "Brunet Gil, Pol"]
[Black "Costa Trave, Jaume"]
[Result "0-1"]
[WhiteElo "1814"]
[BlackElo "1985"]
[PlyCount "74"]
[EventDate "2017.06.26"]
[EventType "swiss"]
[EventRounds "9"]
[EventCountry "ESP"]
[SourceTitle "EXT 2018"]
[Source "ChessBase"]
[SourceDate "2017.10.13"]
[SourceVersion "1"]
[SourceVersionDate "2017.10.13"]
[SourceQuality "1"]

1. e4 e6 2. d4 d5 3. exd5 exd5 4. Nf3 c6 5. Bd3 Bd6 6. 0-0 Bg4 7. Re1+ Ne7 8. c3 Nd7 9. Bg5 f6 10. Bh4 0-0 11. Bg3 Nc8 12. Bxd6 Nxd6 13. Nbd2 f5 14. Qc2 Ne4 15. Ne5 Nxe5 16. dxe5 Qc7 17. Nb3 Bh5 18. Nd4 Rae8 19. f3 c5 20. Nb5 Qb6 21. c4 a6 22. Na3 Bg6 23. fxe4 fxe4 24. Bf1 d4 25. g3 Rxe5 26. Bg2 Rfe8 27. Rad1 e3 28. Qb3 Qxb3 29. axb3 d3 30. Bd5+ Kh8 31. Kg2 d2 32. Re2 Bd3 33. Bf3 Bxe2 34. Bxe2 Rf5 35. Rf1 Rxf1 36. Kxf1 Rf8+ 37. Kg1 Rf2 0-1

[Event "Barcelona Paredes Memorial 19th"]
[Site "Barcelona"]
[Date "2017.04.29"]
[Round "2"]
[White "Brunet Gil, Pol"]
[Black "Riu Lopez, Daniel"]
[Result "0-1"]
[WhiteElo "1772"]
[BlackElo "2098"]
[PlyCount "62"]
[EventDate "2017.04.22"]
[EventType "swiss"]
[EventRounds "9"]
[EventCountry "ESP"]
[SourceTitle "EXT 2018"]
[Source "ChessBase"]
[SourceDate "2017.10.13"]
[SourceVersion "1"]
[SourceVersionDate "2017.10.13"]
[SourceQuality "1"]

1. e4 d5 2. exd5 Qxd5 3. Nc3 Qa5 4. d4 Nf6 5. Nf3 Nc6 6. Bb5 Bd7 7. 0-0 0-0-0 8. Re1 e6 9. Ne5 Nxe5 10. Rxe5 Qb6 11. Be3 Bxb5 12. Rxb5 Qc6 13. Rb3 a6 14. Ne2 e5 15. Rd3 e4 16. Rd2 Nd5 17. Bf4 h6 18. Bg3 e3 19. Rd3 exf2+ 20. Bxf2 g5 21. Ng3 Nf4 22. Rf3 Nxg2 23. Rxf7 Nf4 24. Qg4+ Kb8 25. Ne2 Qe8 26. Rxf4 gxf4 27. Nxf4 Bd6 28. Bg3 Qe3+ 29. Kh1 Qe4+ 30. Kg1 Rhg8 31. Qe2 Qxf4 0-1

[Event "Sabadell op-B 9th"]
[Site "Sabadell"]
[Date "2016.09.03"]
[Round "3"]
[White "Prats Rodriguez, Juan Bosco"]
[Black "Brunet Gil, Pol"]
[Result "1-0"]
[WhiteElo "1963"]
[BlackElo "1712"]
[PlyCount "89"]
[EventDate "2016.09.01"]
[EventType "swiss"]
[EventRounds "9"]
[EventCountry "ESP"]
[SourceTitle "CBM 174 Extra"]
[Source "ChessBase"]
[SourceDate "2016.10.10"]
[SourceVersion "1"]
[SourceVersionDate "2016.10.10"]
[SourceQuality "1"]

1. e4 c5 2. Nf3 Nc6 3. d4 cxd4 4. Nxd4 e5 5. Nb5 a6 6. Nd6+ Bxd6 7. Qxd6 Qf6 8. Qd1 Qg6 9. Nc3 d5 10. Nxd5 Qxe4+ 11. Be3 Nd4 12. Nc7+ Ke7 13. Be2 Nxc2+ 14. Kf1 Nxe3+ 15. fxe3 Bh3 16. Nd5+ Ke6 17. Bf3 Qc4+ 18. Kg1 Rd8 19. Rc1 Qxa2 20. Nc7+ Ke7 21. Qc2 Be6 22. Qc3 f6 23. Kf2 Kf7 24. Bxb7 Qb3 25. Bxa6 Qxc3 26. bxc3 Ne7 27. Nxe6 Kxe6 28. Rhd1 Nc6 29. Bc4+ Kf5 30. Bd5 Ne7 31. e4+ Kf4 32. g3+ Kg4 33. c4 f5 34. c5 fxe4 35. Bxe4 Rxd1 36. Rxd1 Rc8 37. Rd7 Nf5 38. c6 Nd4 39. Rxg7+ Kh5 40. Rxh7+ Kg5 41. Rf7 Nxc6 42. Rf5+ Kg4 43. h3+ Kxh3 44. Rh5+ Kg4 45. Bf3# 1-0

[Event "Barcelona Sant Marti op-B 18th"]
[Site "Barcelona"]
[Date "2016.07.19"]
[Round "7.16"]
[White "Brunet Gil, Pol"]
[Black "Ramos Alvarez, Maximo"]
[Result "1/2-1/2"]
[WhiteElo "1524"]
[BlackElo "1843"]
[PlyCount "20"]
[EventDate "2016.07.13"]
[EventType "swiss"]
[EventRounds "9"]
[EventCountry "ESP"]
[SourceTitle "EXT 2024"]
[Source "ChessBase"]
[SourceDate "2023.10.10"]
[SourceVersion "1"]
[SourceVersionDate "2023.10.10"]
[SourceQuality "1"]

1. e4 c5 2. Nf3 b6 3. c4 Bb7 4. Nc3 g6 5. d4 cxd4 6. Nxd4 Bg7 7. Be3 a6 8. Be2 d6 9. 0-0 Nf6 10. f3 0-0 1/2-1/2

[Event "Barcelona Sant Marti op-B 18th"]
[Site "Barcelona"]
[Date "2016.07.17"]
[Round "5.19"]
[White "Brunet Gil, Pol"]
[Black "Valarezo Ricard, Pedro"]
[Result "1/2-1/2"]
[WhiteElo "1524"]
[BlackElo "1887"]
[PlyCount "25"]
[EventDate "2016.07.13"]
[EventType "swiss"]
[EventRounds "9"]
[EventCountry "ESP"]
[SourceTitle "EXT 2024"]
[Source "ChessBase"]
[SourceDate "2023.10.10"]
[SourceVersion "1"]
[SourceVersionDate "2023.10.10"]
[SourceQuality "1"]

1. e4 d5 2. exd5 Qxd5 3. Nc3 Qd6 4. d4 Nf6 5. Nf3 c6 6. Bc4 Be6 7. Bxe6 Qxe6+ 8. Qe2 Qxe2+ 9. Nxe2 e6 10. 0-0 Bd6 11. Bf4 Bxf4 12. Nxf4 Nbd7 13. Nd3 1/2-1/2

[Event "Barcelona Sant Marti op-B 18th"]
[Site "Barcelona"]
[Date "2016.07.16"]
[Round "4.38"]
[White "Martin Arranz, Lluis"]
[Black "Brunet Gil, Pol"]
[Result "0-1"]
[WhiteElo "1771"]
[BlackElo "1524"]
[PlyCount "54"]
[EventDate "2016.07.13"]
[EventType "swiss"]
[EventRounds "9"]
[EventCountry "ESP"]
[SourceTitle "EXT 2024"]
[Source "ChessBase"]
[SourceDate "2023.10.10"]
[SourceVersion "1"]
[SourceVersionDate "2023.10.10"]
[SourceQuality "1"]

1. e4 c5 2. Nf3 Nc6 3. d4 cxd4 4. Nxd4 e5 5. Nb5 a6 6. Nd6+ Bxd6 7. Qxd6 Qf6 8. Qd1 Qg6 9. Nc3 d5 10. exd5 Nd4 11. Bd3 Qxg2 12. Be4 Qh3 13. Qd3 Nf6 14. Qxh3 Bxh3 15. Kd2 Nxe4+ 16. Nxe4 Bg2 17. Nd6+ Ke7 18. Nf5+ Nxf5 19. Rg1 Bxd5 20. b3 Rhd8 21. Kc3 Be4 22. Ba3+ Ke6 23. Rac1 Rac8+ 24. Kb2 Rd2 25. Rce1 Rcxc2+ 26. Kb1 Rb2+ 27. Kc1 Rdc2+ 0-1

[Event "Barcelona Sant Marti op-B 18th"]
[Site "Barcelona"]
[Date "2016.07.14"]
[Round "2.38"]
[White "Corominas Garrido, Antonio"]
[Black "Brunet Gil, Pol"]
[Result "1/2-1/2"]
[WhiteElo "1824"]
[BlackElo "1524"]
[PlyCount "60"]
[EventDate "2016.07.13"]
[EventType "swiss"]
[EventRounds "9"]
[EventCountry "ESP"]
[SourceTitle "EXT 2024"]
[Source "ChessBase"]
[SourceDate "2023.10.10"]
[SourceVersion "1"]
[SourceVersionDate "2023.10.10"]
[SourceQuality "1"]

1. c4 c6 2. Nc3 d5 3. cxd5 cxd5 4. d4 Nf6 5. Nf3 Nc6 6. Bg5 e6 7. e3 Be7 8. Rc1 Bd7 9. Bd3 Rc8 10. 0-0 0-0 11. a3 Ne8 12. Bf4 h6 13. h3 Bd6 14. Ne5 Nxe5 15. dxe5 Be7 16. Qh5 Bg5 17. Bg3 f5 18. Ne2 Kh7 19. Rxc8 Bxc8 20. Nf4 Bxf4 21. Bxf4 g5 22. Bg3 Ng7 23. Qe2 Qc7 24. h4 gxh4 25. Bxh4 Qxe5 26. Rc1 Qd6 27. Qc2 Bd7 28. Qc7 Qxc7 29. Rxc7 Bc6 30. Bg3 Kg8 1/2-1/2

[Event "Foment Martinenc op-B 18th"]
[Site "Barcelona"]
[Date "2016.06.11"]
[Round "8"]
[White "Brunet Gil, Pol"]
[Black "Moncunill Calvet, Pol"]
[Result "1-0"]
[WhiteElo "1436"]
[BlackElo "1234"]
[PlyCount "63"]
[EventDate "2016.04.23"]
[EventType "swiss"]
[EventRounds "9"]
[EventCountry "ESP"]
[SourceTitle "EXT 2017"]
[Source "ChessBase"]
[SourceDate "2016.10.25"]
[SourceVersion "1"]
[SourceVersionDate "2016.10.25"]
[SourceQuality "1"]

1. e4 e5 2. Nf3 Nc6 3. d4 exd4 4. Nxd4 Nf6 5. Nxc6 bxc6 6. e5 Qe7 7. Qe2 Nd5 8. c4 Ba6 9. b3 0-0-0 10. g3 Re8 11. Bb2 g6 12. Nd2 Bg7 13. f4 f6 14. Nf3 Rhf8 15. Bh3 Kb8 16. 0-0 f5 17. Qd2 Nb6 18. Rfe1 Bb7 19. Bg2 h6 20. a4 Qf7 21. Rad1 Rd8 22. Ba3 Rfe8 23. Re2 Bf8 24. Bxf8 Rxf8 25. Qb4 Rfe8 26. Red2 Qe7 27. Qxe7 Rxe7 28. Nh4 Rg7 29. a5 Nc8 30. c5 Ba6 31. e6 Bb5 32. Rxd7 1-0